| 000 | 00446nam a2200181Ia 4500 | ||
|---|---|---|---|
| 003 | OSt | ||
| 005 | 20220901103248.0 | ||
| 008 | 210210b1911 xxu||||| |||| 00| 0 eng d | ||
| 040 | _cAL | ||
| 041 | _aeng | ||
| 082 | _a825/30 | ||
| 100 |
_aARNOLD (Matthew) _956310 |
||
| 245 | _aEssays in criticism: second series | ||
| 260 |
_aLondon _bMacmillan & Co. Ltd. _c1911 |
||
| 690 |
_aEnglish Criticism _956311 |
||
| 906 | _a014348 | ||
| 942 |
_2ddc _cBK |
||
| 999 |
_c133507 _d133507 |
||